[Event "World Youth U-16 Olympiad 2018"]
[Site "Konya"]
[Date "2018.11.30"]
[Round "6"]
[White "Koubova, Anna Marie"]
[Black "Tezayak, Matthias"]
[Result "1-0"]
[WhiteElo "2022"]
[BlackElo "1887"]
[Annotator "NA"]
[PlyCount "51"]
[EventDate "2018.11.25"]
[EventType "team-tourn"]
[EventCountry "TUR"]
[SourceTitle "playchess.com"]
[Source "ChessBase"]
[SourceQuality "1"]
[WhiteTeam "Czech Republic"]
[BlackTeam "Switzerland"]
[WhiteTeamCountry "CZE"]
[BlackTeamCountry "SUI"]

1. d4 Nf6 2. c4 e6 3. Nf3 d5 4. g3 dxc4 5. Bg2 Bb4+ 6. Bd2 a5 7. O-O O-O 8. Qc2 Bxd2 9. Nbxd2 b5 10. a4 c6 11. e4 Bb7 12. e5 Nd5 13. Ne4 Nb4 14. Qd2 Nd7 15. Nd6 Ba6 16. Ng5 Rb8 17. Be4 g6 18. Qf4 f5 19. exf6 Rxf6 20. Qh4 Nf8 21. Bg2 Kg7 22. Nge4 Nc2 23. Ne8+ Qxe8 24. Qxf6+ Kg8 25. Rac1 Nd7 26. Rxc2 1-0

[Event "World Youth U-16 Olympiad 2018"]
[Site "Konya"]
[Date "2018.11.30"]
[Round "6"]
[White "Khodashneli, Shota"]
[Black "Li, Wenxiang"]
[Result "1/2-1/2"]
[WhiteElo "2018"]
[BlackElo "2172"]
[Annotator "ChessBase"]
[PlyCount "87"]
[EventDate "2018.11.25"]
[EventType "team-tourn"]
[EventCountry "TUR"]
[SourceTitle "playchess.com"]
[Source "ChessBase"]
[SourceQuality "1"]
[WhiteTeam "Georgia"]
[BlackTeam "China"]
[WhiteTeamCountry "GEO"]
[BlackTeamCountry "CHN"]

1. e4 c5 2. Nf3 Nc6 3. Bb5 g6 4. Bxc6 dxc6 5. h3 Bg7 6. d3 e5 7. Be3 Qe7 8. Qd2 Nf6 9. Bh6 O-O 10. Bxg7 Kxg7 11. Qe3 b6 12. Nc3 Re8 13. O-O Nd7 14. Nh2 Nf8 15. f4 exf4 16. Qxf4 Ne6 17. Qf2 Nd4 18. Nf3 Qf6 19. Nxd4 Qxd4 20. Ne2 Qxf2+ 21. Rxf2 Be6 22. Nf4 Rad8 23. Nxe6+ Rxe6 24. b3 b5 25. a4 a6 26. g4 h6 27. axb5 cxb5 28. Kg2 Rdd6 29. Raf1 f6 30. h4 Re5 31. Ra1 h5 32. Kg3 hxg4 33. Kxg4 Kh6 34. Raf1 Ree6 35. Ra1 Rd4 36. Kg3 Kh5 37. Raf1 Rdd6 38. Ra1 Rc6 39. Ra5 Re5 40. Ra1 c4 41. bxc4 bxc4 42. Raf1 cxd3 43. cxd3 Rc3 44. Rf3 1/2-1/2

[Event "World Youth U-16 Olympiad 2018"]
[Site "Konya"]
[Date "2018.11.30"]
[Round "6"]
[White "Malicka, Maria"]
[Black "Kara, Yanki"]
[Result "1/2-1/2"]
[WhiteElo "2013"]
[BlackElo "2212"]
[Annotator "NA"]
[PlyCount "58"]
[EventDate "2018.11.25"]
[EventType "team-tourn"]
[EventCountry "TUR"]
[SourceTitle "playchess.com"]
[Source "ChessBase"]
[SourceQuality "1"]
[WhiteTeam "Poland"]
[BlackTeam "Turkey"]
[WhiteTeamCountry "POL"]
[BlackTeamCountry "TUR"]

1. e4 g6 2. d4 Bg7 3. Nc3 d6 4. f4 a6 5. Nf3 b5 6. Bd3 Nd7 7. a4 c5 8. axb5 cxd4 9. Ne2 Qb6 10. O-O Nc5 11. Kh1 e5 12. c3 Bd7 13. fxe5 dxe5 14. Bc4 Be6 15. Bxe6 Nxe6 16. cxd4 exd4 17. Qa4 Ne7 18. bxa6+ Nc6 19. Ng5 O-O 20. Nxe6 fxe6 21. Rxf8+ Rxf8 22. Bg5 h6 23. Bh4 d3 24. Ng1 Qxb2 25. Rd1 Qb6 26. Nf3 g5 27. Bg3 g4 28. Nd2 Qc5 29. Qc4 Ra8 1/2-1/2

[Event "World Youth U-16 Olympiad 2018"]
[Site "Konya"]
[Date "2018.11.30"]
[Round "6"]
[White "Gokcek, Kursat Bugra"]
[Black "Serikbay, Assel"]
[Result "0-1"]
[WhiteElo "2010"]
[BlackElo "2222"]
[Annotator "TA"]
[PlyCount "54"]
[EventDate "2018.11.25"]
[EventType "team-tourn"]
[EventCountry "TUR"]
[SourceTitle "playchess.com"]
[Source "ChessBase"]
[SourceQuality "1"]
[WhiteTeam "Turkey"]
[BlackTeam "Kazakhstan"]
[WhiteTeamCountry "TUR"]
[BlackTeamCountry "KAZ"]

1. e4 c5 2. Nf3 e6 3. d4 cxd4 4. Nxd4 a6 5. Bd3 Nf6 6. Qe2 d6 7. c4 g6 8. Nc3 Bg7 9. O-O O-O 10. Rd1 Qc7 11. h3 Nbd7 12. Nf3 b6 13. Bf4 Bb7 14. Rac1 Rfd8 15. b4 Rac8 16. Qe1 Nh5 17. Bg5 Re8 18. Be3 f5 19. Qd2 Bxc3 20. Qxc3 fxe4 21. Bh6 exf3 22. g4 Nhf6 23. Re1 d5 24. Qc2 Ne4 25. Qd1 Nxf2 26. Kxf2 Qh2+ 27. Ke3 f2 0-1

[Event "World Youth U-16 Olympiad 2018"]
[Site "Konya"]
[Date "2018.11.30"]
[Round "6"]
[White "Modi, Yashil"]
[Black "Orozbaev, Eldiar"]
[Result "1/2-1/2"]
[WhiteElo "1955"]
[BlackElo "1785"]
[Annotator "NA RC"]
[PlyCount "220"]
[EventDate "2018.11.25"]
[EventType "team-tourn"]
[EventCountry "TUR"]
[SourceTitle "playchess.com"]
[Source "ChessBase"]
[SourceQuality "1"]
[WhiteTeam "South Africa"]
[BlackTeam "Kyrgyzstan"]
[WhiteTeamCountry "RSA"]
[BlackTeamCountry "KGZ"]

1. d4 d5 2. c4 e6 3. Nf3 c6 4. g3 Nf6 5. Bg2 Be7 6. O-O O-O 7. Qc2 Nbd7 8. Rd1 Ne4 9. Nc3 f5 10. Ne5 Nxe5 11. dxe5 Bd7 12. Be3 Rc8 13. Qb3 Nxc3 14. bxc3 Rc7 15. cxd5 cxd5 16. Bxa7 Qc8 17. Rac1 Qa8 18. Bb6 Ba4 19. Qb1 Rc6 20. Rd3 Qa6 21. Bd4 Bb5 22. Rd2 Bxe2 23. Bf1 Bc4 24. Bxc4 dxc4 25. Rcd1 b5 26. Rb2 Rb8 27. a4 b4 28. cxb4 Qxa4 29. b5 Rcc8 30. Bc3 Ba3 31. Ra2 Rxb5 32. Qa1 Rb3 33. Rdd2 Rcb8 34. Rab2 Qb5 35. Rxb3 Qxb3 36. Rd1 h6 37. Kg2 Bc5 38. Rd2 Qb7+ 39. f3 Kh7 40. Qd1 Qb3 41. Rc2 Rd8 42. Qe2 Rd3 43. Be1 Re3 44. Qxc4 Qxc4 45. Rxc4 Rxe5 46. Bc3 Rd5 47. f4 g5 48. Kf3 Kg6 49. Be5 Kf7 50. Rc2 Kg6 51. Ra2 h5 52. Ra6 Rd2 53. Rxe6+ Kh7 54. g4 fxg4+ 55. Ke4 gxf4 56. Kxf4 Rxh2 57. Rc6 Rf2+ 58. Kg5 Be7+ 59. Kxh5 Rf5+ 60. Kxg4 Rxe5 61. Rc4 Kg6 62. Rc6+ Bf6 63. Rc4 Rh5 64. Rf4 Rh4+ 65. Kf3 Rh1 66. Ke4 Re1+ 67. Kd5 Re5+ 68. Kd6 Kf7 69. Rf3 Re8 70. Kd5 Rd8+ 71. Ke4 Ke6 72. Rb3 Rd4+ 73. Ke3 Rh4 74. Rb6+ Kf5 75. Rb5+ Be5 76. Kd3 Rh3+ 77. Kc4 Ke4 78. Rb3 Rh8 79. Rb5 Rd8 80. Rc5 Rd4+ 81. Kb5 Kf5 82. Rc6 Bd6 83. Rc4 Rd1 84. Kc6 Ke6 85. Re4+ Be5 86. Rc4 Rd7 87. Rc5 Rd8 88. Kb5 Bd4 89. Rh5 Rc8 90. Kb4 Be5 91. Kb3 Kd5 92. Rh4 Rc3+ 93. Kb4 Rc2 94. Kb5 Rc8 95. Rb4 Bd6 96. Rg4 Rb8+ 97. Ka4 Bc5 98. Ka5 Bd4 99. Rg6 Kc4 100. Ka6 Rb1 101. Rg4 Rb6+ 102. Ka5 Rb7 103. Rg6 Rb1 104. Ka6 Kd5 105. Rh6 Bc5 106. Rg6 Bd6 107. Ka5 Kc6 108. Ka4 Rb4+ 109. Ka5 Rb3 110. Rg4 Ra3+ 1/2-1/2

[Event "World Youth U-16 Olympiad 2018"]
[Site "Konya"]
[Date "2018.11.30"]
[Round "6"]
[White "Johannsson, Birkir Isak"]
[Black "Sade, Defne"]
[Result "1/2-1/2"]
[WhiteElo "1949"]
[BlackElo "1888"]
[Annotator "NA"]
[PlyCount "80"]
[EventDate "2018.11.25"]
[EventType "team-tourn"]
[EventCountry "TUR"]
[SourceTitle "playchess.com"]
[Source "ChessBase"]
[SourceQuality "1"]
[WhiteTeam "Iceland"]
[BlackTeam "Turkey"]
[WhiteTeamCountry "ISL"]
[BlackTeamCountry "TUR"]

1. d4 d5 2. c4 c6 3. Nf3 Nf6 4. e3 Bf5 5. Nc3 e6 6. Nh4 Be4 7. f3 Bg6 8. Qb3 Qb6 9. Bd2 Nbd7 10. O-O-O Qxb3 11. axb3 Bd6 12. Nxg6 hxg6 13. h3 Nh5 14. Bd3 Ng3 15. Rhe1 O-O 16. Kc2 Rfe8 17. e4 dxe4 18. Nxe4 Nxe4 19. Bxe4 Nf6 20. Bd3 Rad8 21. Bc3 Bc7 22. b4 Rd7 23. Bf1 Red8 24. Rd2 a6 25. Red1 Bf4 26. Rd3 Bc7 27. Be1 Bb6 28. Bc3 Nh5 29. R3d2 Ng3 30. Kb3 Nxf1 31. Rxf1 Bxd4 32. Rfd1 e5 33. Bxd4 exd4 34. c5 Kf8 35. Kc4 d3 36. Rxd3 Rxd3 37. Rxd3 Rxd3 38. Kxd3 Ke7 39. f4 Ke6 40. Ke4 f6 1/2-1/2

[Event "World Youth U-16 Olympiad 2018"]
[Site "Konya"]
[Date "2018.11.30"]
[Round "6"]
[White "Di, Xu Wei"]
[Black "Quiroga Jaquez, Angel Ivan"]
[Result "1-0"]
[WhiteElo "1947"]
[BlackElo "2014"]
[Annotator "NA RC"]
[PlyCount "49"]
[EventDate "2018.11.25"]
[EventType "team-tourn"]
[EventCountry "TUR"]
[SourceTitle "playchess.com"]
[Source "ChessBase"]
[SourceQuality "1"]
[WhiteTeam "Malaysia"]
[BlackTeam "Mexico"]
[WhiteTeamCountry "MAS"]
[BlackTeamCountry "MEX"]

1. e4 e5 2. Nf3 Nc6 3. d4 exd4 4. Nxd4 Bb4+ 5. c3 Bc5 6. Be3 Bb6 7. Nd2 d6 8. h3 Nge7 9. Bd3 O-O 10. O-O Nxd4 11. cxd4 f5 12. Nf3 f4 13. Bd2 Ng6 14. e5 dxe5 15. Bb4 Re8 16. dxe5 Be6 17. Qc2 Bf7 18. Rad1 Qc8 19. Bf5 Be6 20. Bxg6 hxg6 21. Qxg6 c5 22. Bc3 Bf5 23. Qg5 Bd8 24. Rxd8 Qxd8 25. Qxf5 1-0

[Event "World Youth U-16 Olympiad 2018"]
[Site "Konya"]
[Date "2018.11.30"]
[Round "6"]
[White "Kuhar, Larisa"]
[Black "Golsta, Madara"]
[Result "1-0"]
[WhiteElo "1916"]
[BlackElo "1938"]
[Annotator "NA"]
[PlyCount "41"]
[EventDate "2018.11.25"]
[EventType "team-tourn"]
[EventCountry "TUR"]
[SourceTitle "playchess.com"]
[Source "ChessBase"]
[SourceQuality "1"]
[WhiteTeam "Slovenia"]
[BlackTeam "Latvia"]
[WhiteTeamCountry "SLO"]
[BlackTeamCountry "LAT"]

1. e4 c5 2. Nf3 Nc6 3. d4 cxd4 4. Nxd4 g6 5. Nc3 Bg7 6. Nb3 Nf6 7. Be2 O-O 8. O-O d6 9. Re1 Be6 10. Bf1 d5 11. Nc5 b6 12. Nxe6 fxe6 13. Bb5 Rc8 14. e5 Ne8 15. f4 Nb4 16. a3 Nc6 17. Ne2 Qc7 18. Bxc6 Qxc6 19. Nd4 Qd7 20. Qg4 Nc7 21. h4 1-0

[Event "World Youth U-16 Olympiad 2018"]
[Site "Konya"]
[Date "2018.11.30"]
[Round "6"]
[White "Duran, Esma Doga"]
[Black "Briem, Stephan"]
[Result "0-1"]
[WhiteElo "1908"]
[BlackElo "2062"]
[Annotator "NA"]
[PlyCount "86"]
[EventDate "2018.11.25"]
[EventType "team-tourn"]
[EventCountry "TUR"]
[SourceTitle "playchess.com"]
[Source "ChessBase"]
[SourceQuality "1"]
[WhiteTeam "Turkey"]
[BlackTeam "Iceland"]
[WhiteTeamCountry "TUR"]
[BlackTeamCountry "ISL"]

1. Nf3 f5 2. d3 d6 3. e4 e5 4. exf5 Bxf5 5. Nc3 Nf6 6. d4 e4 7. Nh4 Bc8 8. d5 Be7 9. Bb5+ c6 10. Bc4 b5 11. Bb3 c5 12. Nxb5 Ng4 13. h3 Ne5 14. Bf4 Nf7 15. Qh5 a6 16. Nxd6+ Bxd6 17. Ba4+ Kf8 18. Bxd6+ Qxd6 19. g3 Bd7 20. Bb3 c4 21. Bxc4 Qb4+ 22. c3 Qxc4 23. Ng2 g6 24. Qd1 Ne5 25. Ne3 Qd3 26. Qxd3 Nxd3+ 27. Kd2 Ne5 28. c4 Ke7 29. Kc3 Rf8 30. Kd4 Nf3+ 31. Kxe4 a5 32. Rac1 Na6 33. c5 Rab8 34. c6 Rb4+ 35. Nc4 Rxc4+ 36. Rxc4 Nd2+ 37. Kd4 Nxc4 38. Kxc4 Bc8 39. f4 Kd6 40. a3 Re8 41. Kb5 Nc7+ 42. Kxa5 Nxd5 43. Kb5 Re3 0-1

[Event "World Youth U-16 Olympiad 2018"]
[Site "Konya"]
[Date "2018.11.30"]
[Round "6"]
[White "Anacoglu, Cisel"]
[Black "Heidarsson, Arnar"]
[Result "1-0"]
[WhiteElo "1866"]
[BlackElo "1850"]
[Annotator "NA"]
[PlyCount "63"]
[EventDate "2018.11.25"]
[EventType "team-tourn"]
[EventCountry "TUR"]
[SourceTitle "playchess.com"]
[Source "ChessBase"]
[SourceQuality "1"]
[WhiteTeam "Turkey"]
[BlackTeam "Iceland"]
[WhiteTeamCountry "TUR"]
[BlackTeamCountry "ISL"]

1. e4 c5 2. Nf3 e6 3. d4 cxd4 4. Nxd4 Nc6 5. Nc3 d6 6. Be2 Nf6 7. Bg5 Be7 8. Qd2 a6 9. O-O-O Nxd4 10. Qxd4 b5 11. e5 dxe5 12. Qxe5 Bd7 13. Bf3 Rc8 14. Ne4 Nxe4 15. Bxe7 Qxe7 16. Bxe4 O-O 17. Qd6 Qg5+ 18. f4 Qh6 19. g3 f5 20. Bb7 Rcd8 21. Qc7 Qf6 22. Rxd7 Rxd7 23. Qxd7 Rd8 24. Qc7 Qd4 25. Qc3 Qb6 26. Bf3 b4 27. Qb3 a5 28. Re1 Kf7 29. Qe3 Qa6 30. Be2 Qc6 31. Bf3 Qa6 32. g4 1-0

[Event "World Youth U-16 Olympiad 2018"]
[Site "Konya"]
[Date "2018.11.30"]
[Round "6"]
[White "Zane, Rayane"]
[Black "Aubakirov, Shyngys"]
[Result "1-0"]
[WhiteElo "1793"]
[BlackElo "1546"]
[Annotator "NA"]
[PlyCount "119"]
[EventDate "2018.11.25"]
[EventType "team-tourn"]
[EventCountry "TUR"]
[SourceTitle "playchess.com"]
[Source "ChessBase"]
[SourceQuality "1"]
[WhiteTeam "Algeria"]
[BlackTeam "Kazakhstan"]
[WhiteTeamCountry "ALG"]
[BlackTeamCountry "KAZ"]

1. e4 c5 2. Nf3 Nc6 3. d4 cxd4 4. Nxd4 g6 5. Nc3 Bg7 6. Be3 Nf6 7. Be2 O-O 8. Qd2 d5 9. O-O-O Nxd4 10. Qxd4 Nxe4 11. Qxd5 Qxd5 12. Nxd5 Be6 13. Nxe7+ Kh8 14. Bf3 f5 15. Bxe4 fxe4 16. Rd6 Bg4 17. h3 Be2 18. Re1 Bc4 19. b3 Bf7 20. Red1 Rae8 21. Rd7 Be6 22. Rxb7 Rf7 23. Bc5 Bf6 24. Nxg6+ hxg6 25. Rxf7 Bxf7 26. Bxa7 Ra8 27. Bd4 Bxd4 28. Rxd4 Rxa2 29. Kb1 Bxb3 30. cxb3 Rxf2 31. Rxe4 Rxg2 32. Rg4 Rh2 33. Rxg6 Rxh3 34. Kc2 Kh7 35. Rg4 Rf3 36. Kb2 Kh6 37. Ka3 Kh5 38. Rg1 Rf8 39. b4 Ra8+ 40. Kb3 Rb8 41. Rg7 Kh6 42. Rg1 Kh5 43. Rg2 Kh6 44. Kc4 Rc8+ 45. Kb5 Rb8+ 46. Kc4 Rc8+ 47. Kb3 Rb8 48. Rg1 Kh5 49. Rg7 Kh6 50. Rc7 Kg6 51. Kc4 Kf6 52. Kc5 Ke6 53. b5 Rd8 54. b6 Rd5+ 55. Kc4 Rd8 56. b7 Kd6 57. Rc8 Kd7 58. Rxd8+ Kxd8 59. b8=Q+ Kd7 60. Qe5 1-0

[Event "World Youth U-16 Olympiad 2018"]
[Site "Konya"]
[Date "2018.11.30"]
[Round "6"]
[White "Leffad, Samy"]
[Black "Coman, Mihnea-George"]
[Result "0-1"]
[WhiteElo "1776"]
[BlackElo "2042"]
[Annotator "NA"]
[PlyCount "113"]
[EventDate "2018.11.25"]
[EventType "team-tourn"]
[EventCountry "TUR"]
[SourceTitle "playchess.com"]
[Source "ChessBase"]
[SourceQuality "1"]
[WhiteTeam "Algeria"]
[BlackTeam "Romania"]
[WhiteTeamCountry "ALG"]
[BlackTeamCountry "ROU"]

1. d4 Nf6 2. c4 g6 3. Nc3 Bg7 4. g3 O-O 5. Bg2 d6 6. Nf3 Nc6 7. O-O a6 8. Re1 Rb8 9. a4 e5 10. d5 Na5 11. Nd2 c5 12. Rb1 Nd7 13. e4 f5 14. Bf1 f4 15. Bh3 Nf6 16. Bxc8 Qxc8 17. gxf4 exf4 18. e5 dxe5 19. b3 Qf5 20. Ba3 b6 21. b4 f3 22. Qxf3 Qxf3 23. Nxf3 Nxc4 24. Bc1 Rbc8 25. Ng5 Rfd8 26. bxc5 bxc5 27. Rd1 Rb8 28. Rxb8 Rxb8 29. Ne6 Rb3 30. Ne2 Nd7 31. Nc7 Bf8 32. Ng3 Bd6 33. Ne8 Kf7 34. Nxd6+ Nxd6 35. f4 e4 36. Kf2 Rb4 37. a5 Ra4 38. Re1 Nf6 39. Bb2 Nxd5 40. Be5 e3+ 41. Kf3 Nc4 42. Bh8 Nd2+ 43. Ke2 Rxf4 44. Rc1 Rc4 45. Rg1 Ra4 46. Nf1 Ra2 47. Kd3 Nxf1 48. Rxf1+ Ke6 49. Rf8 Rxa5 50. Re8+ Kd7 51. Re5 Kc6 52. Ke4 Ra4+ 53. Kf3 Rf4+ 54. Kg3 Rf8 55. Bg7 Rf7 56. Bh6 Re7 57. Kg4 0-1

[Event "World Youth U-16 Olympiad 2018"]
[Site "Konya"]
[Date "2018.11.30"]
[Round "6"]
[White "Laohawirapap, Prin"]
[Black "Ferkova, Dominika"]
[Result "0-1"]
[WhiteElo "1750"]
[BlackElo "2086"]
[Annotator "NA"]
[PlyCount "94"]
[EventDate "2018.11.25"]
[EventType "team-tourn"]
[EventCountry "TUR"]
[SourceTitle "playchess.com"]
[Source "ChessBase"]
[SourceQuality "1"]
[WhiteTeam "Thailand"]
[BlackTeam "Slovakia"]
[WhiteTeamCountry "THA"]
[BlackTeamCountry "SVK"]

1. e4 c6 2. d4 d5 3. Nd2 dxe4 4. Nxe4 Nd7 5. Ng5 Ngf6 6. Bd3 e6 7. Qe2 Bd6 8. N1f3 h6 9. Ne4 Nxe4 10. Qxe4 Nf6 11. Qe2 Qc7 12. O-O b6 13. Ne5 Bb7 14. Re1 O-O 15. Qf3 c5 16. Qg3 cxd4 17. Bxh6 Nh5 18. Qg5 Bxe5 19. Rxe5 f6 20. Qg6 Qxe5 21. Bxg7 Nxg7 22. Qh7+ Kf7 23. Bg6+ Ke7 24. Qxg7+ Kd6 25. Qxb7 f5 26. Bh5 Rh8 27. Qf3 Rag8 28. g3 Rg5 29. Qa3+ Qc5 30. b4 Qc3 31. Qxc3 dxc3 32. Rd1+ Ke7 33. Bf3 Rd8 34. Rxd8 Kxd8 35. Kf1 Rg7 36. Be2 Rd7 37. Ke1 Ke7 38. Bd3 Kf6 39. f3 Rd4 40. b5 e5 41. h4 e4 42. fxe4 fxe4 43. Be2 Rd2 44. Bd1 Rg2 45. g4 Rg1+ 46. Ke2 Kg6 47. g5 Kh5 0-1

[Event "World Youth U-16 Olympiad 2018"]
[Site "Konya"]
[Date "2018.11.30"]
[Round "6"]
[White "Chua, Jia-Tien"]
[Black "Maycock Bates, David Henry"]
[Result "0-1"]
[WhiteElo "1741"]
[BlackElo "1773"]
[Annotator "NA RC"]
[PlyCount "46"]
[EventDate "2018.11.25"]
[EventType "team-tourn"]
[EventCountry "TUR"]
[SourceTitle "playchess.com"]
[Source "ChessBase"]
[SourceQuality "1"]
[WhiteTeam "Malaysia"]
[BlackTeam "Mexico"]
[WhiteTeamCountry "MAS"]
[BlackTeamCountry "MEX"]

1. e4 e5 2. Nf3 Nc6 3. Bc4 Bc5 4. c3 Nf6 5. d3 a6 6. Bb3 Ba7 7. O-O d6 8. h3 h6 9. Re1 g5 10. Nh2 g4 11. hxg4 Rg8 12. Qf3 Qe7 13. Qd1 Qd8 14. Qf3 Qe7 15. Bxh6 Nxg4 16. Be3 Nxh2 17. Kxh2 Bg4 18. Qg3 O-O-O 19. Bxa7 Rh8+ 20. Kg1 Rdg8 21. Qe3 Qh4 22. f3 Bxf3 23. Kf1 Qh1+ 0-1

[Event "World Youth U-16 Olympiad 2018"]
[Site "Konya"]
[Date "2018.11.30"]
[Round "6"]
[White "Lopez Sanchez, Anastacia Antonia"]
[Black "Eng, Jia Qian"]
[Result "0-1"]
[WhiteElo "1734"]
[BlackElo "1942"]
[Annotator "NA"]
[PlyCount "128"]
[EventDate "2018.11.25"]
[EventType "team-tourn"]
[EventCountry "TUR"]
[SourceTitle "playchess.com"]
[Source "ChessBase"]
[SourceQuality "1"]
[WhiteTeam "Mexico"]
[BlackTeam "Malaysia"]
[WhiteTeamCountry "MEX"]
[BlackTeamCountry "MAS"]

1. f4 d5 2. b3 Nf6 3. Bb2 g6 4. e3 Bg7 5. Nf3 O-O 6. Be2 c5 7. O-O d4 8. exd4 Nd5 9. g3 cxd4 10. Bc4 Nb6 11. Bd3 Nc6 12. Na3 Bg4 13. Be4 Nd5 14. Qe1 Nf6 15. Ne5 Nxe4 16. Qxe4 Bf5 17. Nxc6 bxc6 18. Qf3 c5 19. Rfe1 h5 20. d3 Be6 21. Nc4 Bd5 22. Qf2 Bb7 23. h3 Bf6 24. Nd2 Qd5 25. Kh2 Rae8 26. Re2 Qf5 27. Ne4 Bg7 28. Ba3 Rc8 29. Rae1 Rc7 30. Nxc5 Rxc5 31. Bxc5 Qxc5 32. Rxe7 Qc6 33. Qe2 Bf6 34. Re8 Kg7 35. Rxf8 Kxf8 36. Qd2 Qf3 37. Qe2 Qc6 38. Qd2 Kg7 39. a4 Qd5 40. Qe2 Qf5 41. Rf1 Bc8 42. Qg2 Be7 43. Re1 Bd6 44. h4 Qg4 45. Kg1 Be6 46. Kf2 Qf5 47. Kg1 Bd5 48. Qf2 Qf6 49. Kh2 Bb7 50. Re2 Bc5 51. Re5 Qc6 52. Re1 Kh7 53. Qe2 Bb4 54. Rf1 Qe6 55. Qf2 Bc8 56. Qg2 Qg4 57. Kg1 Be6 58. Kh2 Qf5 59. Kg1 Bd5 60. Qe2 Qh3 61. Qh2 Qg4 62. Qf2 Bd2 63. Kh2 Be3 64. Qe1 Be6 0-1

[Event "World Youth U-16 Olympiad 2018"]
[Site "Konya"]
[Date "2018.11.30"]
[Round "6"]
[White "Wijesinghe, N L C Dojitha"]
[Black "Bjerre, Jonas Buhl"]
[Result "0-1"]
[WhiteElo "1688"]
[BlackElo "2422"]
[Annotator "TA"]
[PlyCount "28"]
[EventDate "2018.11.25"]
[EventType "team-tourn"]
[EventCountry "TUR"]
[SourceTitle "playchess.com"]
[Source "ChessBase"]
[SourceQuality "1"]
[WhiteTeam "Sri Lanka"]
[BlackTeam "Denmark"]
[WhiteTeamCountry "SRI"]
[BlackTeamCountry "DEN"]

1. e4 c5 2. Nf3 e6 3. b3 Nc6 4. c4 Nf6 5. Nc3 a6 6. Bb2 Qc7 7. d4 cxd4 8. Nxd4 Bb4 9. Nxc6 Qxc6 10. f3 d5 11. e5 Qc5 12. Qd2 d4 13. Rd1 Qxe5+ 14. Be2 Nd5 0-1

[Event "World Youth U-16 Olympiad 2018"]
[Site "Konya"]
[Date "2018.11.30"]
[Round "6"]
[White "Modi, Sonia"]
[Black "Kadyrkulov, Saiid"]
[Result "0-1"]
[WhiteElo "1588"]
[BlackElo "1325"]
[Annotator "NA"]
[PlyCount "64"]
[EventDate "2018.11.25"]
[EventType "team-tourn"]
[EventCountry "TUR"]
[SourceTitle "playchess.com"]
[Source "ChessBase"]
[SourceQuality "1"]
[WhiteTeam "South Africa"]
[BlackTeam "Kyrgyzstan"]
[WhiteTeamCountry "RSA"]
[BlackTeamCountry "KGZ"]

1. c4 g6 2. g3 Bg7 3. Bg2 Nf6 4. Nc3 O-O 5. Nf3 d6 6. O-O c5 7. d4 cxd4 8. Qxd4 Ng4 9. Qd1 Nc6 10. h3 Nge5 11. Nxe5 Nxe5 12. Qb3 Rb8 13. Be3 b6 14. Rfd1 Be6 15. Nd5 Qd7 16. Rac1 Rfc8 17. Bg5 Re8 18. Qe3 f6 19. Bf4 Bxh3 20. Bxe5 fxe5 21. Bxh3 Qxh3 22. Qg5 Bh6 23. Qh4 Qxh4 24. gxh4 Bxc1 25. Rxc1 Rbc8 26. b3 Kf7 27. Rc3 e6 28. Rf3+ Kg7 29. Ne3 Rf8 30. Rg3 h5 31. Kg2 Rf4 32. Rh3 Rcf8 0-1

[Event "World Youth U-16 Olympiad 2018"]
[Site "Konya"]
[Date "2018.11.30"]
[Round "6"]
[White "Kerimkulov, Omurbek"]
[Black "Mhango, Banele"]
[Result "0-1"]
[WhiteElo "1557"]
[BlackElo "1828"]
[Annotator "NA"]
[PlyCount "136"]
[EventDate "2018.11.25"]
[EventType "team-tourn"]
[EventCountry "TUR"]
[SourceTitle "playchess.com"]
[Source "ChessBase"]
[SourceQuality "1"]
[WhiteTeam "Kyrgyzstan"]
[BlackTeam "South Africa"]
[WhiteTeamCountry "KGZ"]
[BlackTeamCountry "RSA"]

1. e4 c5 2. Nf3 d6 3. Bb5+ Bd7 4. c4 Nf6 5. Nc3 Nc6 6. O-O e6 7. d4 cxd4 8. Nxd4 Be7 9. b3 O-O 10. Bb2 a6 11. Ba4 Rb8 12. Nxc6 bxc6 13. Qd3 Qb6 14. Rad1 Rfd8 15. h3 e5 16. Kh1 Be6 17. Qe2 Nd7 18. Bc1 Nf8 19. Be3 Qc7 20. Rc1 Qb7 21. f4 exf4 22. Bxf4 Ng6 23. Bg3 Rbc8 24. Qf3 Ne5 25. Qe3 Ng6 26. Ne2 c5 27. Rcd1 Qb4 28. Qd2 Qb7 29. Qc2 Qc7 30. Nc3 Bf6 31. Rd3 Be5 32. Qf2 Qe7 33. Nd5 Bxd5 34. Rxd5 Bd4 35. Qf5 Ne5 36. Bf2 g6 37. Qf4 Nd3 38. Bh4 Nxf4 39. Bxe7 Nxd5 40. exd5 Be5 41. Bxd8 Rxd8 42. g4 Kg7 43. Kg2 Rc8 44. Rb1 Rc7 45. a3 a5 46. Kf3 Kf6 47. h4 h6 48. Bc6 Kg7 49. b4 axb4 50. axb4 cxb4 51. Rxb4 Ra7 52. Ra4 Re7 53. Rb4 Bd4 54. Rb7 Re3+ 55. Kf4 Re1 56. Bd7 Rf1+ 57. Ke4 Bc5 58. Be6 h5 59. g5 Bg1 60. Kd3 Rf4 61. Rc7 Bf2 62. Kc3 Bxh4 63. c5 dxc5 64. d6 Bxg5 65. d7 Bd8 66. Rc8 Bf6+ 67. Kb3 fxe6 68. d8=Q Bxd8 0-1

[Event "World Youth U-16 Olympiad 2018"]
[Site "Konya"]
[Date "2018.11.30"]
[Round "6"]
[White "Iskakbaev, Ibraim"]
[Black "Brahami, Lamine"]
[Result "1-0"]
[WhiteElo "1522"]
[BlackElo "1996"]
[Annotator "NA"]
[PlyCount "113"]
[EventDate "2018.11.25"]
[EventType "team-tourn"]
[EventCountry "TUR"]
[SourceTitle "playchess.com"]
[Source "ChessBase"]
[SourceQuality "1"]
[WhiteTeam "Kazakhstan"]
[BlackTeam "Algeria"]
[WhiteTeamCountry "KAZ"]
[BlackTeamCountry "ALG"]

1. d4 Nf6 2. c4 g6 3. Nc3 Bg7 4. e4 d6 5. Be2 O-O 6. h4 h5 7. Bg5 Nbd7 8. Qd2 c5 9. d5 a6 10. a4 Re8 11. f3 Ne5 12. Nh3 Qa5 13. Nf2 Qb4 14. a5 Bd7 15. Qc2 b5 16. cxb5 axb5 17. Bd2 Qd4 18. Bxb5 c4 19. Qc1 Bxb5 20. Be3 Nd3+ 21. Nxd3 Qxd3 22. Nxb5 Rab8 23. Ra3 c3 24. Nxc3 Rec8 25. Kf2 Nd7 26. Rd1 Qa6 27. Qd2 Ne5 28. Qe2 Qxe2+ 29. Nxe2 Rxb2 30. Bd4 Rbb8 31. a6 Nc4 32. Rc3 Nb2 33. Rxc8+ Rxc8 34. Bxb2 Bxb2 35. Rd2 Ba3 36. Ra2 Bc5+ 37. Ke1 Kg7 38. Kd2 e5 39. Kd3 f5 40. Nc3 Kf6 41. Nb5 f4 42. Rc2 Ra8 43. Ra2 g5 44. hxg5+ Kxg5 45. Nc7 Ra7 46. Ne6+ Kh4 47. Nxc5 dxc5 48. Kc4 Kg3 49. Kxc5 h4 50. d6 h3 51. gxh3 Kxf3 52. Kc6 Kg3 53. d7 Ra8 54. Kc7 Ra7+ 55. Kc6 Ra8 56. Kb7 Rd8 57. Kc7 1-0